000 01150cam a2200289 4500
001 WS119189
008 020805n 000 0 eng u
035 _a(Sirsi) u119189
110 _aNational Council of Real Estate Investment Fiduciaries
_94128
245 _aNational Council of Real Estate Investment Fiduciaries
520 _aWeb site for this association of institutional real estate professionals including investment managers, plan sponsors, academics, consultants and appraisers. Includes links to their property index, timberland index and farmland index. Also includes the Real Estate Information Standards (REIS) and a glossary of terms.
650 _aUNITED STATES
650 _aINTERNATIONAL
650 _aORGANISATION
650 _aINVESTMENT
650 _aINDICES
650 _aSTATISTICS
650 _aNCREIF PROPERTY INDEX
650 _aTIMBERLAND INDEX
650 _aFARMLAND INDEX
650 _aGLOSSARY
650 _aSTANDARDS
650 _aValuation
_96273
690 _aPROPERTY-COMMERCIAL PROPERTY
856 4 0 _uhttps://www.ncreif.com
_zView the website free of charge at www.ncreif.com...
942 _n0
999 _c120138
_d120138